What Words can You Make: Arkansas - Statistics

General Stats
  • This quiz has been taken 42 times
  • The average score is 15 of 38
Answer Stats
Letters Answer % Correct
3 Ark
93%
3 San
90%
3 Ran
80%
3 Aas
78%
4 Sank
78%
4 Rank
70%
3 Ras
65%
3 Ask
63%
4 Nark
63%
3 Ska
63%
4 Arks
58%
4 Sark
58%
5 Snark
53%
5 Ranks
48%
4 Sans
48%
3 Kas
45%
3 Ana
38%
6 Snarks
38%
4 Asks
35%
5 Narks
35%
3 Ars
33%
5 Sarks
30%
4 Skas
28%
4 Anas
23%
4 Karn
23%
5 Karns
20%
5 Saran
15%
4 Ansa
13%
4 Kana
13%
4 Knar
13%
6 Sarans
13%
5 Kanas
10%
5 Araks
8%
5 Araks
8%
5 Asana
8%
5 Knars
8%
6 Sansar
8%
6 Asanas
5%
No matching quizzes found
Score Distribution
Percent of People with Each Score
Percentile by Number Answered
Your Score History
You have not taken this quiz